Diccionario geográfico-histórico de Navarra / (Record no. 160879)
[ view plain ]
| 000 -LEADER | |
|---|---|
| campo de control de longitud fija | 00776nam a2200229 i 4500 |
| 001 - NÚMERO DE CONTROL | |
| campo de control | 160879 |
| 003 - IDENTIFICADOR DE NÚMERO DE CONTROL | |
| campo de control | ES-MaACL |
| 005 - FECHA Y HORA DE LA ÚLTIMA TRANSACCIÓN | |
| campo de control | 20250730063142.0 |
| 008 - DATOS DE LONGITUD FIJA--INFORMACIÓN GENERAL | |
| campo de control de longitud fija | 970318s1859 sp |||| | spa d |
| 040 ## - FUENTE DE CATALOGACIÓN | |
| Centro catalogador/agencia de origen | CYL |
| Lengua de catalogación | spa |
| Centro/agencia transcriptor | CYL |
| 100 1# - ENTRADA PRINCIPAL--NOMBRE DE PERSONA | |
| Nombre de persona | Ochoa de Alda, Teodoro, |
| Fechas asociadas al nombre | 1803-1878 |
| 9 (RLIN) | 130591 |
| 245 10 - MENCIÓN DEL TÍTULO | |
| Título | Diccionario geográfico-histórico de Navarra / |
| Mención de responsabilidad, etc. | por Teodoro Ochoa de Alda. |
| 250 ## - MENCION DE EDICION | |
| Mención de edición | 2ª ed. de la de 1842. |
| 260 ## - PUBLICACIÓN, DISTRIBUCIÓN, ETC. | |
| Lugar de publicación, distribución, etc. | Pamplona : |
| Nombre del editor, distribuidor, etc. | [s.n.], |
| Fecha de publicación, distribución, etc. | [s.a.] ( |
| Fabricante | Imprenta del mismo autor) |
| 300 ## - DESCRIPCIÓN FÍSICA | |
| Extensión | [8], 316 p. ; |
| Dimensiones | 20 cm. |
| 596 ## - NOTA AL PIE DE IMPRENTA | |
| NOTA AL PIE DE IMPRENTA | En port. figura la fecha: 1859. |
| 651 #4 - PUNTO DE ACCESO ADICIONAL DE MATERIA--NOMBRE GEOGRÁFICO | |
| Nombre geográfico | Navarra- |
| Subdivisión general | Geografía. |
| 9 (RLIN) | 137279 |
| 651 #4 - PUNTO DE ACCESO ADICIONAL DE MATERIA--NOMBRE GEOGRÁFICO | |
| Nombre geográfico | Navarra- |
| Subdivisión general | Historia. |
| 9 (RLIN) | 137280 |
| 752 ## - ENTRADA AGREGADA--NOMBRE JERÁRQUICO DEL LUGAR | |
| País o entidad superior | España - |
| Ciudad | Pamplona |
| 852 ## - LOCALIZACIÓN | |
| Ubicación | ES-MaACL |
| Número de control de estantería | B-5682 |
| Nota libre | -- Rúst. |
| Estatus retirado | Estado de pérdida | Estado de daño | No para préstamo | Colección | Biblioteca de origen | Biblioteca actual | Ubicación en estantería | Fecha de adquisición | Fuente de adquisición | Total de préstamos | Signatura topográfica completa | Código de barras | Visto por última vez | Precio de reemplazo | Tipo de ítem Koha |
|---|---|---|---|---|---|---|---|---|---|---|---|---|---|---|---|
| Colección de referencia | Biblioteca del Ateneo de Madrid | Biblioteca del Ateneo de Madrid | Sala Pardo Bazán | 17/01/2008 | B-5682 | 1168478 | 23/02/2023 | 23/02/2023 | Libro impreso |
